000
00205nam a2200085Ia 4500
008
120527s9999 xx 000 0 und d
100
_a
HINE, D.C. et al
245
_a
The African-American Odyssey
942
_c
BK
999
_c
25428
_d
25428